Hermaphroditus mit Apophoreta von Friedrich Carl Forberg /

Hlavní autor: Panormita, 1394-1471
Další autoři: Forberg, Friedrich Karl, 1770-1848, Körner, Wolfram, 1920-2019, Dietzsch, Steffen, 1943-
Jazyk: Němčina
Vydáno: Leipzig : Edition Leipzig, 1986
Fyzický popis: 48, 450 s.
Knihy
Uloženo v:
LEADER 00923nam a2200253 a 4500
001 000405308
003 CZ BrMZK
005 20240507122158.0
007 ta
008 010907s1986 gw f ger d
040 |a BOA001  |b cze 
080 |a 616-008.442  |2 MRF 
080 |a 871-991=30  |2 MRF 
080 |a 392.6  |2 MRF 
100 0 |a Panormita,  |d 1394-1471  |7 xx0054481  |4 aut 
245 1 0 |a Hermaphroditus mit Apophoreta von Friedrich Carl Forberg /  |c Antonio Panormita ; Komment. von Wolfram örner und Steffan Dietzsch 
260 |a Leipzig :  |b Edition Leipzig,  |c 1986 
300 |a 48, 450 s. 
700 1 |a Forberg, Friedrich Karl,  |d 1770-1848  |7 ola2011654460  |4 aut 
700 1 |a Körner, Wolfram,  |d 1920-2019  |7 mub2013785761  |4 ann 
700 1 |a Dietzsch, Steffen,  |d 1943-  |7 mzk2004228200  |4 ann 
910 |a BOA001  |b 2-0914.083 
990 |a BK 
996 7 |b 2619765211  |c 2-0914.083  |l MZK  |r Sklad / do 1 hodiny  |n 3  |w 000405308  |u 000010  |a 1  |e BOA001  |j MZK50  |s A